| 000 | 01757cam a2200313Ma 4500 | ||
|---|---|---|---|
| 999 |
_c5813 _d5813 |
||
| 003 | OSt | ||
| 005 | 20220623065621.0 | ||
| 008 | 220623b ||||| |||| 00| 0 eng d | ||
| 020 | _a0585394024 | ||
| 020 | _a9780585394022 | ||
| 020 | _a9780727912282 | ||
| 020 | _a0727912283 | ||
| 040 | _cALUPE UNIVERSITY | ||
| 050 | 4 |
_aRJ242 _b.C66 2001 |
|
| 245 | 0 | 0 |
_aConsent, rights and choices in health care for children and young people / _cBritish Medical Association. |
| 260 |
_aLondon : _bBMJ Books, _cc2001. |
||
| 300 | _a1 online resource (xxix, 266 p.) | ||
| 340 |
_gpolychrome _2rdacc _0http://rdaregistry.info/termList/RDAColourContent/1003 |
||
| 500 | _aDescription based on print version record. | ||
| 504 | _aIncludes bibliographical references and index. | ||
| 650 | 0 |
_aChildren _xHospital care _0http://id.loc.gov/authorities/subjects/sh85023449 _zGreat Britain. _0http://id.loc.gov/authorities/names/n79023147 |
|
| 650 | 0 |
_aChildren _xHealth and hygiene _0http://id.loc.gov/authorities/subjects/sh85023425 _zGreat Britain. _0http://id.loc.gov/authorities/names/n79023147 |
|
| 650 | 0 |
_aChildren _xLegal status, laws, etc. _zGreat Britain. _0http://id.loc.gov/authorities/subjects/sh2008100418 |
|
| 650 | 0 |
_aChild health services _xLaw and legislation _0http://id.loc.gov/authorities/subjects/sh85023368 _zGreat Britain. _0http://id.loc.gov/authorities/names/n79023147 |
|
| 710 | 2 |
_aBritish Medical Association. _0http://id.loc.gov/authorities/names/n80044893 |
|
| 776 | 0 | 8 |
_iPrint version: _tConsent, rights and choices in health care for children and young people. _dLondon : BMJ Books, c2001 _z0727912283 |
| 856 | 4 | 0 | _uhttps://login.proxy.lib.duke.edu/login?url=http://www.netlibrary.com/urlapi.asp?action=summary&v=1&bookid=66518 |
| 942 |
_2lcc _cBK _nMM |
||